Modern control engineering
محفوظ في:
| المؤلف الرئيسي: | |
|---|---|
| التنسيق: | كتاب |
| اللغة: | الإنجليزية |
| منشور في: |
Englewood Cliffs
Prentice-Hall
1970
|
| سلاسل: | Prentice-Hall Electrical Engineering
|
| الموضوعات: | |
| الوسوم: |
إضافة وسم
لا توجد وسوم, كن أول من يضع وسما على هذه التسجيلة!
|
MARC
| LEADER | 00000nam a2200000 a 4500 | ||
|---|---|---|---|
| 001 | UCU4212 | ||
| 003 | CL-VaPUC | ||
| 008 | 960517e19700000us |||||||||||||||||eng|d | ||
| 082 | 0 | 4 | |a 629.8 |b OGA |2 21 |
| 100 | |a Ogata, Katsuhiko |e author |9 572868 | ||
| 245 | 1 | 0 | |a Modern control engineering |
| 300 | |a 836 p | ||
| 942 | |c BK | ||
| 945 | |d 19960517 00:00:00 |a lriquelm | ||
| 260 | |a Englewood Cliffs |b Prentice-Hall |c 1970 | ||
| 650 | 0 | |a Control automático |9 259890 | |
| 650 | 7 | |a CONTROL DE SISTEMAS |2 CL-VaPUC |9 352951 | |
| 650 | 0 | |a Matemática |9 260235 | |
| 650 | 0 | |a Análisis de sistemas |9 260059 | |
| 583 | |a last modification |c 20150428 09:35:56 |k Rodrigo Vera | ||
| 490 | 0 | |a Prentice-Hall Electrical Engineering | |
| 999 | |c 248008 |d 248006 | ||